| 000 | 00677nam a2200229 4500 | ||
|---|---|---|---|
| 003 | CO-ViMGA | ||
| 008 | 151215b xxu||||| |||| 00| 0 eng d | ||
| 020 | _a9789974807464 | ||
| 040 |
_aCO-ViMGA _bspa _cCO-ViMGA |
||
| 090 |
_aC _bERBfm |
||
| 100 | 1 |
_aErbiti, Alejandra _91110 |
|
| 245 | 1 | 0 |
_aLa Feria del maíz / _cAlejandra Erbiti |
| 250 | _a1a. ed. | ||
| 260 |
_aBuenos Aires, Rep. Argentina : _bLatinbooks, _c2007. |
||
| 300 |
_a32 p. : _bil. ; 17 x 24 cm. |
||
| 490 | _aColección contar con valores | ||
| 650 | 1 | 4 |
_aCuentos infantiles _9487 |
| 650 | 1 | 4 |
_aLiteratura infantil _9827 |
| 650 | 1 | 4 |
_aNormas _91111 |
| 650 | 1 | 4 |
_aValores - Solidaridad _92155 |
| 942 |
_2ddc _cBK |
||
| 999 |
_c33721 _d33721 |
||